Statistics for 2017 Summer Best EPL Signings

Click here to take the quiz!

General Stats

  • This quiz has been taken 32 times
  • The average score is 8 of 15

Answer Stats

New ClubAnswer% Correct
MUNRomelu Lukaku
93%
LIVMohamed Salah
90%
ARSAlexandre Lacazette
76%
CHEAlvaro Morata
72%
WHUJavier Hernandez
55%
MCIKyle Walker
45%
EVEWayne Rooney
45%
MCIBenjamin Mendy
41%
MCIBernardo Silva
41%
EVEMichael Keane
38%
BOUJermaine Defoe
34%
MUNNemanja Matic
34%
CHETiemoue Bakayoko
34%
ARSSead Kolasinac
28%
WHUMarko Arnautovic
24%

Score Distribution

Percentile by Number Answered

Percent of People with Each Score

Your Score History

You have not taken this quiz